000 00410cam a2200157ua 4500
041 _aeng
_h
082 _a954.02
_bCHA/SO
100 _aChand, Tara .
245 _aSociety and state in the Mughal period /
_cTara Chand.
_hTextual Documents
250 _a1 /
_b.
260 _aIndia :
_bPublication Division, Govt. of India ,
_c1961.
300 _a112 ; .
504 _a
942 _cBK
999 _c6930
_d6930